000 00450nam a2200193Ia 4500
003 0100
008 130303s9999 xx 000 0 und d
040 _cARRUPELIB
050 _aBJ319.H48 1967
100 _aHiggins, Thomas J
245 _aEthical theories in conflict
260 _aWilwaukee
260 _bThe Bruce Publishing Company, Inc.
260 _C1967
300 _av
300 _b 256p. 23cm.
650 _aETHICS
942 0 0 _02
999 _c36918
_d36918